[Event "POL-ch Blitz U18 Girls"]
[Site "Bydgoszcz"]
[Date "2023.08.31"]
[Round "8"]
[White "Ejsymont, Blanka"]
[Black "Owczarek, Hanna"]
[Result "0-1"]
[WhiteElo "1516"]
[BlackElo "1026"]
[PlyCount "126"]
[EventDate "2023.08.28"]
[EventType "swiss"]
[EventRounds "9"]
[EventCountry "POL"]
[SourceTitle "EXT 2024"]
[Source "ChessBase"]
[SourceDate "2023.10.10"]
[SourceVersion "1"]
[SourceVersionDate "2023.10.10"]
[SourceQuality "1"]

1. Nf3 d5 2. g3 c5 3. Bg2 Nc6 4. 0-0 Nf6 5. d3 Bf5 6. Nc3 e6 7. Nh4 Bg6 8. e4 dxe4 9. dxe4 Be7 10. Be3 0-0 11. Nxg6 hxg6 12. Qe2 Nd4 13. Bxd4 cxd4 14. Nb1 Qb6 15. c3 Rfd8 16. cxd4 Rxd4 17. Nc3 Rad8 18. Rfd1 Rxd1+ 19. Rxd1 Rxd1+ 20. Nxd1 Nd7 21. Nc3 Nc5 22. h3 Qa5 23. Kh2 Na4 24. Nxa4 Qxa4 25. b3 Qd7 26. Qc2 b6 27. f4 Kh7 28. e5 Bc5 29. Qe2 Qd4 30. Qf1 Qb2 31. a4 Qxb3 32. Qb5 Qe3 33. Qb1 Qd4 34. Qc1 Qxa4 35. h4 Qd4 36. Kh3 a5 37. Qb1 a4 38. Bf3 a3 39. Qa2 Qb2 40. Qc4 a2 41. Qd3 a1Q 42. f5 Qxe5 43. fxg6+ fxg6 44. Be4 Qf6 45. h5 Qc1 46. hxg6+ Kh6 47. Qe2 Qcg5 48. g4 Qh4+ 49. Kg2 Qff2+ 50. Qxf2 Qxf2+ 51. Kh3 Qe3+ 52. Kh4 Qxe4 53. Kg3 Qe3+ 54. Kh4 Qg5+ 55. Kg3 b5 56. Kf3 b4 57. Kg3 b3 58. Kf3 Bf8 59. Kg3 b2 60. Kf3 b1R 61. Kg3 Rb3+ 62. Kf2 Qd2+ 63. Kf1 Rb1# 0-1

[Event "POL-ch Rapid U18 Girls"]
[Site "Bydgoszcz"]
[Date "2023.08.30"]
[Round "7"]
[White "Owczarek, Hanna"]
[Black "Lajdamik, Kinga"]
[Result "0-1"]
[WhiteElo "1378"]
[BlackElo "1579"]
[PlyCount "220"]
[EventDate "2023.08.28"]
[EventType "swiss"]
[EventRounds "11"]
[EventCountry "POL"]
[SourceTitle "EXT 2024"]
[Source "ChessBase"]
[SourceDate "2023.10.10"]
[SourceVersion "1"]
[SourceVersionDate "2023.10.10"]
[SourceQuality "1"]

1. e4 c6 2. Nf3 d5 3. Nc3 Bg4 4. h3 Bxf3 5. Qxf3 e6 6. exd5 cxd5 7. d4 Nc6 8. Bb5 a6 9. Bxc6+ bxc6 10. 0-0 Qb6 11. Rd1 Ne7 12. Rb1 Nf5 13. Be3 Bd6 14. Ne2 0-0 15. Ng3 Bxg3 16. fxg3 Nd6 17. Qg4 Kh8 18. Bf2 Ne4 19. c3 Rae8 20. Qf4 f6 21. Re1 Qb7 22. c4 e5 23. Qe3 Nd6 24. cxd5 cxd5 25. dxe5 fxe5 26. g4 d4 27. Qe2 a5 28. Bg3 Qd5 29. Rbd1 Qxa2 30. Qd3 Nf7 31. Qb5 Kg8 32. Kh2 Kh8 33. Kh1 Kg8 34. Bxe5 Nxe5 35. Rxe5 Rxe5 36. Qxe5 Qxb2 37. Qxd4 Qxd4 38. Rxd4 Ra8 39. Ra4 Kf8 40. Kg1 Ra7 41. Kf2 Kf7 42. Ke3 Ke6 43. Kd4 Kd6 44. g3 Kc6 45. Kc4 Kb6 46. Ra1 Rc7+ 47. Kb3 Re7 48. Rc1 Re3+ 49. Ka4 Rxg3 50. Rb1+ Ka6 51. Rh1 Rf3 52. Rh2 Rf4+ 53. Ka3 a4 54. g5 Ka5 55. Ka2 Rf3 56. h4 Rg3 57. Re2 Rg4 58. Rh2 g6 59. Ka3 Rg3+ 60. Ka2 Rf3 61. Re2 Rf4 62. Rh2 Kb4 63. Rb2+ Kc3 64. Rh2 Rd4 65. Ka3 Kd3 66. h5 Rg4 67. hxg6 hxg6 68. Rh8 Ke3 69. Re8+ Kf4 70. Kxa4 Kxg5+ 71. Kb3 Rd4 72. Kc3 Rd6 73. Rf8 Kg4 74. Rf7 g5 75. Rg7 Kf4 76. Rf7+ Kg3 77. Rg7 g4 78. Rg8 Kf3 79. Rg7 g3 80. Rf7+ Kg2 81. Rg7 Kf3 82. Rf7+ Kg2 83. Rg7 Kh2 84. Rh7+ Kg1 85. Rg7 g2 86. Rg8 Rh6 87. Ra8 Kh1 88. Ra1+ g1Q 89. Rxg1+ Kxg1 90. Kd4 Re6 91. Kd5 Re1 92. Kd4 Kf2 93. Kd3 Kf3 94. Kd4 Re8 95. Kd5 Kf4 96. Kd6 Kf5 97. Kd7 Re6 98. Kc7 Ke5 99. Kd7 Rh6 100. Kc7 Kd5 101. Kb7 Kc5 102. Ka7 Kb5 103. Kb8 Rh7 104. Kc8 Kc6 105. Kd8 Ra7 106. Ke8 Kd6 107. Kf8 Ke6 108. Kg8 Kf6 109. Kh8 Kg6 110. Kg8 Ra8# 0-1

[Event "POL-ch Rapid U18 Girls"]
[Site "Bydgoszcz"]
[Date "2023.08.29"]
[Round "5"]
[White "Kochanowska, Patrycja"]
[Black "Owczarek, Hanna"]
[Result "1-0"]
[WhiteElo "1236"]
[BlackElo "1378"]
[PlyCount "75"]
[EventDate "2023.08.28"]
[EventType "swiss"]
[EventRounds "11"]
[EventCountry "POL"]
[SourceTitle "EXT 2024"]
[Source "ChessBase"]
[SourceDate "2023.10.10"]
[SourceVersion "1"]
[SourceVersionDate "2023.10.10"]
[SourceQuality "1"]

1. e4 Nf6 2. e5 Nd5 3. c4 Nb6 4. d4 d6 5. exd6 cxd6 6. d5 N8d7 7. Nf3 g6 8. Nc3 Bg7 9. Qc2 Nc5 10. Be2 Bf5 11. Qd2 0-0 12. 0-0 Rc8 13. Nb5 a6 14. Nbd4 Bg4 15. b3 Bxf3 16. Bxf3 Ncd7 17. Bb2 Ne5 18. Be2 Re8 19. f4 Ned7 20. Bg4 Rc7 21. Kh1 Nf6 22. Bf3 Nbd7 23. Rae1 Nc5 24. f5 Qc8 25. fxg6 hxg6 26. h3 Qd7 27. Bd1 Nce4 28. Qe3 Kh7 29. Bc2 Bh6 30. Qd3 Nc5 31. Qe2 Kg8 32. Rxf6 Bg5 33. Rff1 Rec8 34. Qf3 Qe8 35. Qg4 Bh6 36. Nf5 Bf8 37. Nxd6 Qd8 38. Nxf7 1-0

[Event "POL-ch Rapid U18 Girls"]
[Site "Bydgoszcz"]
[Date "2023.08.29"]
[Round "1"]
[White "Malkowska, Daria"]
[Black "Owczarek, Hanna"]
[Result "0-1"]
[WhiteElo "1055"]
[BlackElo "1378"]
[PlyCount "116"]
[EventDate "2023.08.28"]
[EventType "swiss"]
[EventRounds "11"]
[EventCountry "POL"]
[SourceTitle "EXT 2024"]
[Source "ChessBase"]
[SourceDate "2023.10.10"]
[SourceVersion "1"]
[SourceVersionDate "2023.10.10"]
[SourceQuality "1"]

1. e4 c5 2. Nf3 Nc6 3. Bc4 e6 4. Nc3 a6 5. a3 b5 6. Ba2 Bb7 7. d3 Be7 8. 0-0 d6 9. Re1 Nf6 10. d4 cxd4 11. Nxd4 Nxd4 12. Qxd4 0-0 13. Qd3 Rc8 14. Bd2 Nd7 15. b4 Ne5 16. Qe2 Nc4 17. Nb1 Bf6 18. c3 Qc7 19. Qd3 Rfd8 20. Rc1 d5 21. Bxc4 Qxc4 22. Qxc4 Rxc4 23. exd5 Bxd5 24. Be3 Rdc8 25. Bd2 h6 26. h3 Be4 27. f3 Bxb1 28. Raxb1 Bxc3 29. Bxc3 Rxc3 30. Rxc3 Rxc3 31. Ra1 Kf8 32. Kf2 Ke7 33. Ke1 Rb3 34. Kd1 Rb2 35. g3 Rh2 36. h4 Rh1+ 37. Kc2 Rxa1 38. Kb2 Rf1 39. f4 Rg1 40. Kc2 Rxg3 41. Kb2 Rg4 42. Kc3 Rxf4 43. Kd3 Rxh4 44. Ke3 Rh3+ 45. Kd4 Rxa3 46. Kc5 Rb3 47. Kb6 Rxb4 48. Kxa6 h5 49. Ka5 Rb1 50. Kb6 h4 51. Kc5 h3 52. Kd4 h2 53. Kc3 h1Q 54. Kd4 Qh4+ 55. Kc5 Rc1+ 56. Kxb5 Qh2 57. Kb4 Qb2+ 58. Ka4 Ra1# 0-1

[Event "Poronin op"]
[Site "Poronin"]
[Date "2023.01.06"]
[Round "1"]
[White "Owczarek, Hanna"]
[Black "Suska, Szymon"]
[Result "0-1"]
[WhiteElo "1204"]
[BlackElo "1819"]
[PlyCount "124"]
[EventDate "2023.01.06"]
[EventType "swiss"]
[EventRounds "9"]
[EventCountry "POL"]
[SourceTitle "CBM 212 Extra"]
[Source "ChessBase"]
[SourceDate "2023.03.31"]
[SourceVersion "1"]
[SourceVersionDate "2023.03.31"]
[SourceQuality "1"]

1. e4 c5 2. Nf3 Nc6 3. c3 Nf6 4. e5 Nd5 5. d4 cxd4 6. cxd4 e6 7. Bc4 Nb6 8. Be2 d6 9. 0-0 dxe5 10. dxe5 Qxd1 11. Rxd1 Be7 12. Nc3 0-0 13. Be3 Nd7 14. Nb5 a6 15. Nd6 Ndxe5 16. Nxe5 Nxe5 17. Rac1 Rd8 18. Nxc8 Rdxc8 19. f4 Rxc1 20. Rxc1 Nc6 21. Bf3 Rc8 22. g3 Kf8 23. Kf2 Ke8 24. Bb6 Bd8 25. Bxd8 Kxd8 26. Rd1+ Kc7 27. Ke3 Rd8 28. Rc1 Kb6 29. a3 a5 30. Rc3 Rd6 31. Rb3+ Kc7 32. Rc3 b5 33. g4 Kb6 34. Be4 Ne7 35. g5 f6 36. h4 fxg5 37. fxg5 h6 38. gxh6 gxh6 39. Kf4 Nd5+ 40. Bxd5 Rxd5 41. Re3 Rf5+ 42. Kg4 h5+ 43. Kg3 e5 44. Rc3 b4 45. axb4 axb4 46. Rc8 Kb5 47. b3 e4 48. Re8 Rf3+ 49. Kg2 Rxb3 50. Rxe4 Rc3 51. Re5+ Rc5 52. Re8 b3 53. Kf3 Kb4 54. Re4+ Ka3 55. Ke2 b2 56. Re8 b1Q 57. Ra8+ Kb4 58. Rb8+ Rb5 59. Rd8 Re5+ 60. Kf2 Qe1+ 61. Kg2 Re2+ 62. Kf3 Qf2# 0-1